000 00209 a2200097 4500
001 6416
100 _aAkhtar, S M
245 _aIntroduction to Modern Economics
260 _a
_bUnited
_c
090 _c5277
_d5277
942 _aNUST-CAE
_cM
_c31686
999 _c241489
_d241489